[Event "FIDE World Cup-C"]
[Site "Shenyang"]
[Date "2000.09.02"]
[Round "2"]
[White "Svidler, Peter"]
[Black "Zhang, Zhong"]
[Result "0-1"]
[WhiteElo "2689"]
[BlackElo "2636"]
[Annotator "Wedberg,T"]
[PlyCount "80"]
[EventDate "2000.09.01"]
[EventType "tourn"]
[EventRounds "5"]
[EventCountry "CHN"]
[EventCategory "15"]
[SourceTitle "CBM 079"]
[Source "ChessBase"]
[SourceDate "2000.11.21"]
[SourceVersion "1"]
[SourceVersionDate "2000.11.21"]
[SourceQuality "1"]

{[%mdl 4] Zhang Zhong plays the Black side of things in an instructive way.
His active approach against the Qe2 setup is a useful model.} 1. e4 e5 2. Nf3
Nc6 3. Bb5 Nf6 4. Qe2 {This avoids the increasingly popular Berlin Defence.
But the closed Ruy Lopez with the Q on e2 is quite slow and puts less pressure
on Black than the standard lines. Especially when Black still has the option
to put the B on c5.} Bc5 (4... Bd6 {Planning 0-0, Re8 and Bf8 is a decent
alternative.}) (4... Be7 {followed by a later d6 is possible, but less active.}
) 5. c3 (5. Bxc6 bxc6 {Best, Black doesn´t get the P back straight away, but
he gets a very good game if White tries to stick to the P.} 6. Nxe5 Qe7 7. Nd3
(7. f4 O-O 8. d3 d5 9. Nc3 Ba6 $44 {0-1 Salazar,J-Sanchez,V/Cali 1999/CBM 74
ext (44)}) 7... Ba6 8. Nc3 O-O 9. b3 (9. O-O Rfe8 10. Re1 Bd4 11. Qd1 {1-0
Quinteros,M-Laird,C/Jakarta 1978/EXT 98 (40)} d6 $13) 9... Rfe8 10. f3 Nd5 $36
{1/2-1/2 Polgar,J-Smejkal,J/Moscow 1994/CBM 45 (41)}) 5... Qe7 6. O-O O-O 7.
Rd1 d6 8. h3 (8. d4 Bb6 9. d5 Nd8 10. Nbd2 Ng4 11. Rf1 f5 $40 {0-1 Rantanen,
Y-Haanpaa,J/Tampere 1989/EXT 97 (22)}) 8... Bd7 (8... Nb8 9. d4 $14) 9. d3 (9.
d4 {The principal move.} Bb6 (9... exd4 10. cxd4 Bb6 (10... Bb4 11. a3) 11. Nc3
Rae8 12. Bg5 $14) 10. d5 Nb8 11. Bd3 $13 {White has a space advantage, but the
B on b6 is well placed. A later f5 from Black will give him play.}) 9... a6 10.
Ba4 Ba7 11. Be3 Bxe3 12. Qxe3 Rfe8 $11 13. Bb3 Na5 14. Bc2 c5 15. Nbd2 b5 16.
d4 {Finally White breaks with d4, but compared to the normal Ruy Lopez lines
Black has already managed to exchange a pair of B:s.} cxd4 17. cxd4 exd4 18.
Nxd4 Nc6 19. Re1 Rac8 20. N2f3 Ne5 21. Rad1 Rc5 22. Nh4 $6 Nc4 23. Qc1 g6 24.
b3 (24. b4 Rc7 25. Qg5 Qe5 $13) 24... Ne5 25. Qd2 (25. f4 $6 Nc6 $15 {Black is
active and White´s pieces are scattered.}) 25... Nh5 $1 26. Nhf3 Qf6 $1 $40 {
[%csl Rc2,Rg1][%cal Yh5f4,Yd7h3,Ye5f3][%mdl 128] Black has grasped the
initiative on the K side. The usually so proud white squared B on c2 is quite
unhappy here.} 27. Re3 Nf4 28. Bb1 Rec8 29. Kh2 h6 30. Ng1 $6 {White wants to
expand with g3 and f4 but this only invites Black to gain more ground.} Qh4 31.
Rg3 (31. Ngf3 Qh5 32. Nxe5 dxe5 33. Ne2 Bg4 $17) 31... Nh5 32. Ndf3 Qf6 33.
Nxe5 Qxe5 34. Nf3 Qe7 35. e5 Nxg3 36. fxg3 Bc6 37. exd6 Qf6 38. Rf1 Rd8 39.
Qxh6 Rxd6 40. Re1 Rh5 0-1

[Event "Linares 16th"]
[Site "Linares"]
[Date "1999.03.07"]
[Round "12"]
[White "Ivanchuk, Vassily"]
[Black "Leko, Peter"]
[Result "1/2-1/2"]
[WhiteElo "2714"]
[BlackElo "2694"]
[Annotator "Wedberg,T"]
[PlyCount "25"]
[EventDate "1999.02.21"]
[EventType "tourn"]
[EventRounds "14"]
[EventCountry "ESP"]
[EventCategory "20"]
[SourceTitle "CBM 070"]
[Source "ChessBase"]
[SourceDate "1999.06.08"]
[SourceVersion "1"]
[SourceVersionDate "1999.06.08"]
[SourceQuality "1"]

1. e4 e5 2. Nf3 Nc6 3. Bb5 Nf6 4. O-O Bc5 5. Nxe5 Nxe4 6. Qe2 Nxe5 7. d4 (7.
Qxe4 {is the standard move} Qe7 8. d4 Nc6 9. Qxe7+ {is safe, but boring} (9.
Qg4 {is more daring})) 7... Be7 8. dxe5 (8. Qxe4 $5) 8... Nc5 9. Bf4 (9. Nc3 c6
10. Bc4 Ne6 11. Bxe6 dxe6 12. Qg4 Kf8 13. Rd1 Qc7 14. Qh5 Bd7 15. Bg5 Be8 16.
Bxe7+ Qxe7 17. Rd6 $14 {0-1 Veroci,Z-Garcia,N/Buenos Aires 1978/MCD (40)}) (9.
Qg4 O-O 10. Bh6 Ne6 11. Bd3 f5 12. exf6 Rxf6 13. Bd2 d5 $11 {1/2-1/2 Keres,
P-Szabo,L/Budapest 1950/Candidates (37)}) 9... O-O 10. Nc3 c6 11. Bd3 Nxd3 12.
Qxd3 f6 13. Qg3 (13. Qg3 fxe5 14. Bxe5 Rf7 (14... Bf6 15. Bd6 $14) 15. Bd6 Bxd6
16. Qxd6 Rf6 17. Qg3 d5 $11) 1/2-1/2

[Event "Rubinstein Memorial 35th"]
[Site "Polanica Zdroj"]
[Date "1998.08.22"]
[Round "5"]
[White "Shirov, Alexei"]
[Black "Macieja, Bartlomiej"]
[Result "1/2-1/2"]
[WhiteElo "2720"]
[BlackElo "2490"]
[Annotator "Wedberg,T"]
[PlyCount "45"]
[EventDate "1998.08.17"]
[EventType "tourn"]
[EventRounds "11"]
[EventCountry "POL"]
[EventCategory "17"]
[SourceTitle "CBM 067"]
[Source "ChessBase"]
[SourceDate "1998.11.30"]
[SourceVersion "2"]
[SourceVersionDate "1998.11.01"]
[SourceQuality "1"]

{[%mdl 80]} 1. e4 e5 2. Nf3 Nc6 3. Bb5 Nf6 4. O-O Bc5 5. c3 O-O 6. d4 Bb6 7.
Bg5 h6 8. Bh4 d6 9. a4 a5 10. dxe5 {Unusual and not favoured by theory. The
position becomes symmetrical and quite drawish. A slightly surprising choice
by the fighter Shirov.} (10. Re1 {This is considered to be the main line.
Black now has a choice between three moves.} Bg4 {Risky, maybe even bad,
according to the most recent games.} (10... exd4 {The solid choice.} 11. Bxc6
bxc6 12. Nxd4 Bd7 (12... Re8 13. Nd2 g5 (13... c5 14. N4f3 (14. Nc2 Bb7 15. f3
c4+ 16. Nd4 g5 17. Bf2 d5 $13 {Ree,H-Knezevic,M/Kiev/1978}) 14... Bb7 15. Qc2
$14 {/\Rad1 ECO}) 14. Bg3 c5 15. Nb5 Bb7 16. e5 dxe5 17. Nc4 Qd5 18. Qxd5 Nxd5
$10 {1/2-1/2 Polgar,J-Spassky,B/Prague 1995/CBM 48/[Wedberg] (26)}) (12... g5
13. Bg3 Bxd4 14. cxd4 Rb8 15. Nc3 Rxb2 16. f4 Ne8 17. f5 Ng7 18. Qf3 f6 $13 {
1/2-1/2 Barria,D-Lima,D/Cascavel 1996/EXT 97 (29)}) 13. Nd2 Re8 14. Qf3 (14. f4
$1 $16) 14... g5 15. Bg3 Bg4 16. Qd3 c5 17. Nc2 d5 $132 {1/2-1/2 Kaminski,
M-Macieja,B/Mamaia 1991/EXT 91ch (41)}) (10... Qe7 {Playable, but White gets
lasting pressure in the centre, since exd4 is more or less out of the question
with the Q on e7.} 11. Na3 Bg4 12. Nc4 (12. Bxc6 bxc6 13. dxe5 dxe5 14. Nc4 g5
15. Bg3 Rfd8 16. Qe2 Nd7 17. Ne3 Bxe3 18. Qxe3 f6 $11 {1/2-1/2 Lanka,
Z-Borkowski,F/Moscow 1991/CBM 26 (47)}) 12... g5 (12... exd4 13. Bxc6 bxc6 14.
e5 $1 dxe5 15. Ncxe5 Bxf3 16. Qxf3 $16 {1-0 Ivkov,B-Dueckstein,A/Sarajevo 1967/
MCD-r6 (33)}) 13. Bg3 Nd7 14. Ne3 Bh5 15. Nd5 $16 {1-0 Spassky,B-Quinones,O/
Amsterdam 1964/IZT (37)}) 11. Bxc6 bxc6 12. dxe5 dxe5 13. Qxd8 $1 (13. Nbd2 g5
(13... Re8 14. h3 Bxf3 15. Nxf3 Qxd1 16. Raxd1 Nh5 17. Kf1 f6 18. Bg3 g5 19.
Nd2 Red8 20. Nc4 Ng7 21. f3 Ne6 $14 {1-0 Kaminski,M-Macieja,B/Bielsko-Biala
1991/EXT 91ch (62)}) 14. Bg3 Nd7 15. Nc4 f6 16. Ne3 Bxe3 17. Rxe3 Nc5 18. Qc2
Qe7 19. Nd2 Be6 20. f3 Rfb8 $11 {1/2-1/2 Kaminski,M-Ionescu,C/Erevan 1996/EXT
96ch2 (39)}) 13... Raxd8 14. Nxe5 g5 15. Bg3 Nxe4 (15... h5 16. Nxg4 Nxg4 17.
h3 h4 18. Bxh4 gxh4 19. hxg4 $16 {1-0 Shmatkov,M-Mukhaev,A/Moscow 1995/EXT
95ch (30)}) 16. Nxg4 (16. Na3 Nxg3 17. Nxg4 f5 18. Nxh6+ Kg7 19. hxg3 Rd2 20.
Nc4 $1 (20. Rf1 Rxb2 21. Nc4 Rc2 $11) 20... Bxf2+ 21. Kf1 Bxe1 22. Rxe1 Rc2 (
22... Rd5 23. Re6 Rd1+ 24. Kf2 Rh1 25. Rxc6 Rxh6 26. Rxc7+ $16) 23. Re6 Rf6 24.
Rxf6 Kxf6 25. g4 $16 {1-0 Muralidharan,M-Prakash,G/IND-ch 1994/EXP 41 (57)})
16... f5 17. Ne5 f4 18. Na3 Nc5 (18... fxg3 19. Rxe4 $18) 19. Nac4 fxg3 20.
hxg3 Nb3 21. Nxb6 Nxa1 22. Nbd7 $18 {1-0 Wahls,M-Li Wenliang/Beijing 1993/EXT
93op (47)}) 10... Nxe5 11. Nxe5 dxe5 {Compared to the usual lines Black has a
sound P-structure on the Q-side} 12. Nd2 Be6 (12... c6 13. Be2 Qe7 14. Qc2 Be6
15. h3 g5 16. Bg3 Nd7 17. Nc4 Bxc4 18. Bxc4 $14 {1/2-1/2 Murrey,J-Lahav,E/Tel
Aviv 1990/EXP 20 (91)}) 13. Qc2 Qe7 14. Kh1 (14. Nc4 Bxc4 15. Bxf6 Qe6 16. Bxc4
Qxc4 $11 {1/2-1/2 Gralka,J-Finegold,B/Cappelle la Grande 1991/EXT 97 (41)})
14... Rad8 15. Rad1 c6 16. Be2 Bc7 17. Rfe1 {In retrospect it's easy to see
that White is effectively weakening his f2-point. But the game is dead equal
anyway.} Rd7 18. Nf1 Rfd8 19. Ne3 Bb6 20. Nf5 Bxf5 21. exf5 Ng4 $1 $11 {
Refuting Whites try to get an advantage with the two B:s.} 22. Rxd7 (22. Bxg4
$2 Qxh4 $17) 22... Rxd7 23. Bxe7 (23. Bxe7 Nxf2+ 24. Kg1 Ng4+ 25. Kh1 (25. Kf1
$4 Nxh2#) 25... Nf2+ $11) 1/2-1/2

[Event "FIDE-Wch k.o."]
[Site "Las Vegas"]
[Date "1999.08.03"]
[Round "2.1"]
[White "Milos, Gilberto"]
[Black "Salov, Valery"]
[Result "1-0"]
[WhiteElo "2586"]
[BlackElo "2656"]
[Annotator "Wedberg,T"]
[PlyCount "113"]
[EventDate "1999.07.31"]
[EventType "k.o."]
[EventRounds "7"]
[EventCountry "USA"]
[SourceTitle "CBM 072"]
[Source "ChessBase"]
[SourceDate "1999.10.01"]
[SourceVersion "1"]
[SourceVersionDate "1999.10.01"]
[SourceQuality "1"]

1. e4 e5 2. Nf3 Nc6 3. Bb5 Nf6 4. O-O Bc5 5. c3 O-O 6. d4 Bb6 7. Bg5 h6 8. Bh4
d6 9. Qd3 Bd7 10. Na3 $146 {[%mdl 8] The point of this move is to protect Bb5
to allow dxe5 after 10. - a6.} (10. Nbd2 a6 11. Bc4 (11. dxe5 $6 Nxe5 12. Nxe5
Bxb5 $15) 11... exd4 12. cxd4 g5 13. Nxg5 hxg5 14. Bxg5 {--> Topalov,V-Leko,P/
Dortmund 1999/CBM 72/[Wedberg] (48)}) 10... a6 {Black walks right into White´s
preparation.} (10... exd4 11. cxd4 Re8 $13 {with the idea that the N is out of
play on a3.}) 11. dxe5 $1 dxe5 (11... Nxe5 12. Nxe5 Bxb5 13. Nec4 (13. Nxb5
dxe5 14. Qxd8 Raxd8 15. Bxf6 gxf6 16. Na3 Rd7 $13) 13... Ba7 14. Nxb5 axb5 15.
Nd2 $14) 12. Bxf6 gxf6 $2 {Black quickly drifts into an almost lost position.
Perhaps a result of World Championship nerves.} (12... Qxf6 $1 13. Qxd7 axb5
14. Nxb5 Rfd8 15. Qg4 Rd3 $132) 13. Bc4 $16 {Black has no compensation for the
weakened K-side.} Be6 14. Qe2 Qe7 15. Nh4 {White has a number of easy to find
moves ahead. f5 and d-file are solid trumphs in White´s hand.} Kh7 16. Qf3 Rg8
17. Nf5 Qf8 18. Rad1 Ne7 19. Rd3 (19. Rd2 $16) 19... Ng6 20. g3 Nf4 21. Rd2 Rd8
22. Rxd8 Qxd8 23. Rd1 Qf8 24. Kf1 Bxf5 (24... Nh3 $2 25. Qh5 $1 Nxf2 26. Rd8
$18) 25. exf5 Nh3 26. Rd2 Nxf2 {Just not to lose horribly on the d-file.} (
26... c6 27. Rd7 $16 {[%cal Yd7h7,Yd7b7]}) 27. Rxf2 Bxf2 28. Kxf2 $16 {Clear
White advantage, but some hope for Black if he could exchange the Q:s.} b5 29.
Bb3 Qc5+ 30. Kf1 Rg5 {Trying to set up some activity.} 31. Bxf7 Kg7 (31... e4
32. Bg6+ $18) 32. Be6 h5 33. Nc2 h4 34. g4 Qd6 35. Ke1 e4 36. Qe2 h3 37. Ne3 c6
38. Qd2 Qf4 39. Qf2 Qd6 40. Qd2 Qxd2+ ({White should win after} 40... Qf4 {
as well, but it looks like a better choice to keep the Q:s on.}) 41. Kxd2 Kh6
42. Ke2 Rg7 43. Kf2 Kg5 44. Kg3 Rh7 45. Nd1 $1 Rh4 46. Nf2 $18 e3 47. Ne4+ Kh6
48. Nxf6 e2 49. Kf2 Kg5 50. Ne4+ Kf4 51. Ng3 Ke5 52. Kxe2 Rxg4 53. Kf3 Rf4+ 54.
Ke3 Rg4 55. Bd7 Kd6 56. Ne4+ Ke7 57. Bxc6 1-0

[Event "Biel GM"]
[Site "Biel"]
[Date "1999.07.28"]
[Round "10"]
[White "Bologan, Viktor"]
[Black "Piket, Jeroen"]
[Result "0-1"]
[WhiteElo "2620"]
[BlackElo "2635"]
[Annotator "Wedberg,T"]
[PlyCount "60"]
[EventDate "1999.07.19"]
[EventType "tourn"]
[EventRounds "10"]
[EventCountry "SUI"]
[EventCategory "14"]
[SourceTitle "CBM 072"]
[Source "ChessBase"]
[SourceDate "1999.10.01"]
[SourceVersion "1"]
[SourceVersionDate "1999.10.01"]
[SourceQuality "1"]

1. e4 e5 2. Nf3 Nc6 3. Bb5 Nf6 4. O-O Bc5 5. c3 O-O 6. d4 Bb6 7. Bg5 h6 8. Bh4
d6 9. a4 a5 10. Re1 exd4 11. Bxc6 bxc6 12. Nxd4 Re8 13. Nd2 c5 (13... Bd7 $6
14. f4 $1 $16) 14. Nc2 (14. N4f3 Bb7 15. Qc2 Re6 16. Re3 Qe8 17. Bxf6 Rxf6 18.
Nc4 Re6 19. Rae1 Qc6 20. Nxb6 Qxb6 21. Nd2 Rae8 $11 {1/2-1/2 Thorsteins,
K-Spassky,B/Reykjavik 1985/MCD (28)}) 14... Bb7 15. f4 $146 {Trying to prevent
g7-g5 to keep more pressure on the black position. That´s the upside, the
downside is the weakness of e4.} (15. f3 c4+ 16. Nd4 g5 17. Bf2 d5 18. exd5
Qxd5 19. Rxe8+ Rxe8 20. Qf1 g4 21. Nxc4 gxf3 22. Nxb6 fxg2 23. Nxd5 {1/2-1/2
Ree,H-Knezevic,M/Kiev 1978/EXT 99 (23)}) 15... c4+ 16. Nd4 (16. Kh1 Nxe4 $1 $17
) 16... Rb8 $1 {An excellent move. The R is ready for action on the b-file
whenever the B:s have moved.} 17. Re3 (17. Nxc4 $142 Bxe4 18. Nxb6 Rxb6 $11)
17... Ba8 18. Qc2 (18. Nxc4 Bxe4 (18... Ba7 $5) 19. Nxb6 Rxb6 $11) 18... Nd5 $3
{[%mdl 512] White threatened to reinforce with Rae1, but this turns the tables
and grabs the initiative.} 19. Bxd8 (19. Rh3 Nb4 20. Qd1 Qd7 $15) 19... Nxe3
20. Qb1 Rbxd8 21. h3 f5 $1 $36 22. Qa2 (22. exf5 Nxg2 23. Nxc4 (23. f6 Re1+ 24.
Qxe1 Nxe1 25. Rxe1 Bd5 $17) 23... Bxd4+ 24. cxd4 Nxf4 25. Nxa5 Re2 $17) 22...
Bxe4 23. Nxc4 Bd5 24. b3 Bxd4 25. cxd4 Nxg2 26. Qf2 Re6 27. Nxa5 Rde8 $19 {
Black´s well coordinated pieces cannot be stopped.} 28. Nc4 Rg6 29. Kh2 Nxf4
30. Rg1 Rxg1 0-1

[Event "Albert m"]
[Site "Albert"]
[Date "2004.05.01"]
[Round "5"]
[White "Bacrot, Etienne"]
[Black "Sokolov, Ivan"]
[Result "1-0"]
[WhiteElo "2675"]
[BlackElo "2690"]
[Annotator "Wedberg,T"]
[PlyCount "83"]
[EventDate "2004.04.27"]
[EventType "match"]
[EventRounds "6"]
[EventCountry "FRA"]
[SourceTitle "CBM 101"]
[Source "ChessBase"]
[SourceDate "2004.07.27"]
[SourceVersion "1"]
[SourceVersionDate "2004.07.27"]
[SourceQuality "1"]

1. e4 e5 2. Nf3 Nc6 3. Bb5 Bc5 4. c3 Nf6 5. O-O O-O 6. d4 Bb6 7. Bg5 d6 8. Qd3
h6 9. Bh4 Qe7 10. Nbd2 Nb8 11. Rfe1 c6 12. Ba4 Bc7 $146 {A new move but the
ideas remains the same: White has a nice space advantage and tries to pressure
Black as much as possible. If he can crack the black position open in the
right moment he usually wins - therefore Black has to be careful with moves
like g5, since White usually can sacrifice a piece and get a strong attack.
Black on the other hand tries to develop behind his shield of P:s - in the
long run he will try to get an attack going on the K-side.} (12... g5 $2 {
too optimistic.} 13. Nxg5 $1 hxg5 14. Bxg5 Kh7 15. Qg3 Rh8 16. Re3 $40 {
1-0 Kuporosov,V-Navrotescu,C/Wattens 1993/EXT 2000 (21)}) (12... Nbd7 13. Nc4
Re8 (13... Bc7 14. Ne3 Re8 15. Nf5 Qf8 16. Rad1 $14 {1-0 Gavrilov,A-Ovod,E/St
Petersburg 2003/EXT 2004 (39)}) 14. Bb3 (14. Rad1 Bc7 15. Ne3 Qf8 16. Nd2 {
1/2-1/2 Khalifman,A-Malaniuk,V/Samara 1998/CBM 67 (16)}) 14... Bc7 15. Ne3 Qf8
16. Nf1 Nh5 17. Rad1 Ndf6 18. dxe5 dxe5 19. Ne3 Be6 20. Bxe6 {1/2-1/2 Luther,
T-Maric,A/Hastings 1994/CBM 45 (20)}) 13. Nf1 Nbd7 14. Ng3 g6 15. Qd2 Kh7 16.
h3 Rg8 17. Nf1 g5 {New targets are formed: White wants a N on f5 and Black one
on f4.} 18. Bg3 Nh5 19. Ne3 Ndf6 20. Bc2 g4 $5 {This looks attractive, but its
not without complications since it let's White establish a N on f5.} (20... Nf4
{is possible, but where is the threat, as Bobby Fischer used to remark.}) 21.
Nh4 $1 gxh3 (21... Nxg3 22. fxg3 gxh3 23. Nhf5 h2+ 24. Kh1 Qf8 25. Kxh2 $36 {
[%csl Rh6][%cal Ye1h1,Yh2g1,Ye1f1,Yf1f7,Yh1h7]}) 22. Nef5 Qf8 23. gxh3 Nf4 24.
Kh2 N6h5 {An unusual N configuration!} 25. Bd1 $1 Be6 26. Bg4 {Blacks opening
of the K-side has backfired a bit since White seems to have benefitted the
most from it.} Re8 27. Qd1 Nf6 (27... Nxg3 28. fxg3 Ng6 29. d5 cxd5 30. exd5
Bc8 31. Qd3 $14) 28. Bxf4 exf4 29. Bf3 {White is clearly better with his
strong N on f5 and good centre P:s.} d5 30. e5 Nd7 31. Rg1 (31. Qd3 Kh8 32. Rg1
Rg5 $14) 31... Rxg1 (31... Rg5 $2 32. Rxg5 $1 hxg5 33. Bxd5 $18) 32. Qxg1 Bd8
33. Be2 {With the idea to regroup like this: Bd3, Nf3 and Nd6.} Bxh4 34. Nxh4
Qe7 35. Bd3+ Kh8 36. Nf3 Rg8 37. Qc1 Bxh3 38. Qxf4 (38. Kxh3 $2 Qe6+ 39. Kh2
Qg4 40. Qf1 Qxf3 $11) 38... Qe6 39. Rg1 Rxg1 $2 (39... a6 40. Rxg8+ Kxg8 41.
Ng1 Bg4 42. f3 Bh5 43. Bf5 Qe8 44. Qxh6 $16) 40. Nxg1 $18 Bg4 41. f3 Bh5 42.
Bf5 1-0

[Event "RUS-ch"]
[Site "Elista"]
[Date "1996.??.??"]
[Round "5"]
[White "Ulybin, Mikhail"]
[Black "Vasiukov, Evgeni"]
[Result "1-0"]
[WhiteElo "2550"]
[BlackElo "2505"]
[Annotator "Wedberg,T"]
[PlyCount "99"]
[EventDate "1996.10.15"]
[EventType "swiss"]
[EventRounds "11"]
[EventCountry "RUS"]
[SourceTitle "CBM 056"]
[Source "ChessBase"]
[SourceDate "1997.02.01"]
[SourceVersion "1"]
[SourceVersionDate "1997.02.01"]
[SourceQuality "1"]

1. e4 e5 2. Nf3 Nc6 3. Bb5 Nf6 4. O-O Bc5 5. Nxe5 Nxe4 (5... Nxe5 6. d4 a6 {
is standard.}) 6. Nxf7 $5 (6. Qe2 Nxe5 7. Qxe4 Qe7 8. d4 Nc6 9. Qxe7+ Bxe7 10.
c3 a6 11. Bd3 O-O 12. Bf4 d6 $14) (6. Bxc6 dxc6 7. Qe2 Qd5 8. Nd3 O-O 9. Nxc5
Nxc5 10. Nc3 Qd6 $11 {Goliak,I-Sutterer,R/WchS Wildbad 1993/1/2-1/2 (42)}) (6.
Nxc6 dxc6 7. Bd3 Nf6 8. Qe2+ Be6 (8... Qe7 $11) 9. Bf5 O-O 10. Bxe6 fxe6 11. d3
Kh8 12. Nc3 Qe8 13. Bg5 Nd5 14. Ne4 $14 {1/2-1/2 Bouton,C-Kende,G/Budapest
IM-B 1990 (38)}) 6... Kxf7 7. Qh5+ g6 8. Qd5+ Kg7 9. Qxe4 d5 10. Qa4 Nd4 $146 (
10... Rf8 $44 {Keres}) 11. c3 Nxb5 12. Qxb5 Bd6 13. d3 Rf8 14. Be3 Qh4 15. Bd4+
Kh6 16. g3 Qh5 17. Nd2 $14 a6 18. Qb3 Bh3 19. Rfe1 Qf5 20. c4 Bf4 (20... c5 $2
21. Be3+ Kg7 22. Qxb7+ $18) 21. Qc3 (21. Re7 $5 Rfe8 (21... Bxd2 $2 22. Bg7+
Kg5 23. Re5 $18) 22. Bg7+ Kh5 23. Rae1 $40) 21... g5 (21... Rf7 $142) 22. Bg7+
Kg6 23. Bxf8 Rxf8 24. Nf3 Bd6 (24... Bxg3 25. fxg3 Qxf3 26. Qc2 $16) 25. Re3 d4
(25... Bg4 26. c5 $18) 26. Qxd4 Bc5 27. Re6+ $1 ({Also possible was} 27. g4 $1
Qxg4+ 28. Qxg4 Bxg4 29. Ne5+ Kh5 30. Nxg4 Kxg4 31. Re4+ $18) 27... Qxe6 28.
Ne5+ Kh6 29. Qxc5 $18 Qf5 30. Re1 Re8 31. Qxc7 Re6 32. Re3 g4 33. Qc5 Rf6 34.
Re4 Kg7 35. Rf4 Qe6 36. Rxf6 Qxf6 37. Qe3 b5 38. c5 h6 39. c6 Qd6 40. d4 Qd5
41. f3 Qxa2 42. Qc1 gxf3 43. Kf2 Bc8 44. Qc2 Kf8 45. Qd2 Ke7 46. d5 Kd6 47.
Nf7+ Kc7 48. Qf4+ Kb6 49. Qd4+ Ka5 50. Nd6 1-0

[Event "Tan Chin Nam Cup 7th"]
[Site "Shanghai"]
[Date "2001.07.11"]
[Round "3"]
[White "Zhang, Zhong"]
[Black "Krasenkow, Michal"]
[Result "0-1"]
[WhiteElo "2632"]
[BlackElo "2573"]
[Annotator "Wedberg,T"]
[PlyCount "90"]
[EventDate "2001.07.09"]
[EventType "tourn"]
[EventRounds "9"]
[EventCountry "CHN"]
[EventCategory "16"]
[SourceTitle "CBM 085"]
[Source "ChessBase"]
[SourceDate "2001.11.13"]
[SourceVersion "1"]
[SourceVersionDate "2001.11.13"]
[SourceQuality "1"]

{With all it's faults this is still a nice game. Krasenkows attack once he
gets the upper hand is instructive.} 1. e4 e5 2. Nf3 Nc6 3. Bb5 Nf6 4. d3 {
We will perhaps see more of this now that the Berlin defence is scoring so
well for Black.} d6 5. O-O Bd7 6. c3 g6 7. Re1 Bg7 8. Ba4 {There is almost no
theory to lean on here. But White's slow approach gives Black a rather free
hand to act on the K-side.} (8. Nbd2 O-O 9. Nf1 h6 10. Bd2 Nh5 11. Ba4 a6 12.
h3 b5 13. Bc2 Qf6 14. Ne3 Nf4 $13 {1-0 Vallejo Pons,F-Illescas Cordoba,M/Dos
Hermanas 2001/CBM 83 (38)}) (8. d4 O-O 9. Bg5 Qe8 10. Bxf6 Bxf6 11. d5 Nb8 12.
Bxd7 Nxd7 $11 {1/2-1/2 Spassky,B-Kortschnoj,V/St Petersburg 1999/EXT 2000 (40)}
) 8... O-O 9. Nbd2 Nh5 10. Nf1 Kh8 (10... h6 11. g3 Qe8 12. Nh4 Kh7 13. Ne3 Nf6
14. Bc2 $14 {1-0 Smetankin,S-Marcelin,C/Hallsberg 2000/EXT 2001 (35)}) 11. h3
Qe8 12. Bc2 f5 {All very logical. Black plays for the initiative.} 13. d4 {
Of course - counter attack in the centre.} fxe4 $6 ({Why not} 13... f4 $5 {
going for a P-roller with g5, h5 and g4?}) 14. Bxe4 Nf4 {Krasenkow likes the
outpost on f4 eying h3 and g2, but White's pieces are active too.} 15. dxe5
Nxe5 (15... dxe5 $5) 16. Nxe5 dxe5 17. Qb3 $6 ({I don't see anything terrible
happening to White if he grabs the P.} 17. Bxb7 $5 Rd8 (17... Rb8 18. Be4) 18.
Bxf4 Rxf4 19. Qe2 $16) 17... Bc6 18. Bxf4 Rxf4 19. Ng3 Bf8 20. Re2 $6 (20. Bxc6
$5 Qxc6 21. Rxe5 Rxf2 22. Kxf2 Qf6+ 23. Rf5 $14) 20... Bb5 $1 21. c4 Ba6 22.
Qc3 Bc5 23. Rd1 (23. Bxg6 Rxc4 $1 $13) 23... Qe7 24. b3 Raf8 25. Bf3 Bd4 $15 {
White has been waiting for better times and in the meantime his advantage has
evaporated. Black's constellation aimed at f2 holds White in a terrible grip.}
26. Qd3 (26. Rxd4 {was not such a bad option given what happens in the game.}
exd4 27. Qxd4+ Rxd4 28. Rxe7 $15) 26... b6 27. Re4 R4f7 28. Re2 Bc8 29. Rdd2 c5
30. Bd5 Rf4 31. Ne4 g5 $1 {[%mdl 128] Black has complete control so he starts
the finishing action on the K-side. White is a mere spectator.} 32. Qg3 R4f5
33. Nc3 h5 34. Be4 h4 35. Qd3 R5f7 36. Nd5 Qd6 37. Bg6 $2 Rg7 38. Bh5 (38. Be4
g4 $40) 38... Bf5 39. Re4 Bxe4 40. Qxe4 Qh6 41. Bg4 Rgf7 42. Ne3 Rf4 43. Qd5
Qf6 44. Bf3 e4 $1 45. Ng4 Rxg4 $1 (45... Rxg4 46. Bxg4 Bxf2+ 47. Kh1 Be1 $19)
0-1